[Event "Chinese Chess League 2019"]
[Site "Shen Yang"]
[Date "2019.11.23"]
[Round "18.28"]
[White "Chu, Wei Chao"]
[Black "Grischuk, Alexander"]
[Result "0-1"]
[WhiteElo "2423"]
[BlackElo "2764"]
[Annotator "TA"]
[PlyCount "64"]
[EventDate "2019.04.09"]
[EventType "team-tourn"]
[EventCountry "CHN"]
[SourceTitle "playchess.com"]
[Source "ChessBase"]
[SourceQuality "1"]

{[%evp 17,114,0,11,0,0,0,-5,-34,-27,-28,-22,-29,-18,-36,0,-26,0,0,0,-17,-18,-15,-11,-24,-21,-30,-25,-41,-19,-15,-19,-16,-19,-86,-81,-81,-91,-150,-151,-128,-129,-242,-232,-264,-242,-345,-327,-426,-396,-503,-489,-512,-489,-539,-539,-502,-418,-548,-416,-641,-432,-537,-524,-479,-429,-544,-537,-781,-775,-716,-748,-874,-816,-774,-669,-668,-641,-654,0,-611,-587,-665,-544,-674,-673,-661,-652,-1121,-983,-1838,-1457,-1952,-1804,-5181,-3321,-2091,-900,-891,-883]} 1. d4 d5 2. c4 c6 3. Nf3 Nf6 4. Nc3 e6 5. g3 dxc4 6. Bg2 Nbd7 7. a4 Bb4 8. O-O O-O 9. Qc2 Qe7 10. Na2 {E01: Catalan: Early deviations} (10. Rd1 a5 11. Na2 Bd6 12. Qxc4 e5 13. Nc3 h6 14. Nh4 Bb4 15. Ng6 Qe8 16. Nxf8 Qxf8 17. dxe5 Nxe5 {1-0 (58) Lenderman,A (2630)-Dreev,A (2649) chess.com INT 2018}) 10... Bd6 11. Qxc4 e5 12. dxe5 {The position is equal.} Nxe5 13. Qc2 $146 ({Predecessor:} 13. Nxe5 Bxe5 14. e4 Bg4 15. Nc3 Rfd8 16. Be3 Be6 17. Qc5 Bd6 {0-1 (64) Avdhoot,L (2034)-Martinez,A (2279) Barbera del Valles 2017}) 13... Nxf3+ 14. exf3 a5 15. Nc3 h6 16. Bd2 Be6 17. Rfe1 Qc7 18. Ne4 Nxe4 19. fxe4 Bb4 20. Bf4 Qe7 21. Red1 Qc5 22. Qd3 Qb6 23. Be3 Bc5 24. Bxc5 Qxc5 25. Bf1 (25. Qc3 $11 {remains equal.} Qxc3 26. bxc3) 25... Qb4 $17 26. Qd4 {[#]} Rfd8 $1 $36 {[%mdl 2560] Black is on the roll.} 27. Qxd8+ ({Better is} 27. Qxb4 axb4 28. f4) 27... Rxd8 28. Rxd8+ Kh7 29. Bd3 {[#]} (29. Rdd1 $17 {was worth a try.}) 29... g6 $1 $19 30. h4 Kg7 ({Not} 30... Qxb2 31. Rb1 $15) 31. e5 (31. Rd1 $142) 31... Qxb2 32. Re1 Qc3 {Played: Qb2-d2} 0-1

[Event "Chinese Chess League 2019"]
[Site "Shen Yang"]
[Date "2019.11.23"]
[Round "18.29"]
[White "Ni, Shiqun"]
[Black "Munguntuul, Batkhuyag"]
[Result "1/2-1/2"]
[WhiteElo "2391"]
[BlackElo "2436"]
[Annotator "ChessBase"]
[PlyCount "82"]
[EventDate "2019.04.09"]
[EventType "team-tourn"]
[EventCountry "CHN"]
[SourceTitle "playchess.com"]
[Source "ChessBase"]
[SourceQuality "1"]
[TimeControl "5400+30"]

1. e4 {[%emt 0:00:00]} c5 {[%emt 0:00:00]} 2. Nf3 {[%emt 0:00:00]} e6 {[%emt 0:00:00]} 3. c3 {[%emt 0:00:00]} Nf6 {[%emt 0:00:00]} 4. e5 {[%emt 0:00:00]} Nd5 {[%emt 0:00:00]} 5. Bc4 {[%emt 0:00:01]} d6 {[%emt 0:00:18]} 6. d4 {[%emt 0:00:08]} cxd4 {[%emt 0:00:11]} 7. cxd4 {[%emt 0:00:04]} Nc6 {[%emt 0:01:43]} 8. O-O {[%emt 0:00:10]} Be7 {[%emt 0:00:09]} 9. Qe2 {[%emt 0:00:55]} O-O {[%emt 0:01:45]} 10. Nc3 {[%emt 0:00:30]} Nxc3 {[%emt 0:01:24]} 11. bxc3 {[%emt 0:00:02]} dxe5 {[%emt 0:01:20]} 12. dxe5 {[%emt 0:00:23]} b6 {[%emt 0:06:12]} 13. Qe4 {[%emt 0:02:13]} Qc7 {[%emt 0:12:15]} 14. Bg5 {[%emt 0:11:43]} Bb7 {[%emt 0:12:02]} 15. Bd3 {[%emt 0:00:19]} g6 {[%emt 0:00:13]} 16. Qh4 {[%emt 0:00:28]} Bxg5 {[%emt 0:14:04]} 17. Nxg5 {[%emt 0:00:13]} h5 {[%emt 0:00:12]} 18. Rae1 {[%emt 0:00:45]} Rfd8 {[%emt 0:20:57]} 19. Be4 {[%emt 0:00:30]} Ba6 {[%emt 0:02:07]} 20. c4 {[%emt 0:00:09]} Rac8 {[%emt 0:02:34]} 21. Bxc6 {[%emt 0:16:45]} Qxc6 {[%emt 0:00:07]} 22. Qf4 {[%emt 0:00:03]} Qc7 {[%emt 0:03:51]} 23. Ne4 {[%emt 0:05:25]} Bxc4 {[%emt 0:00:40]} 24. Rc1 {[%emt 0:02:05]} b5 {[%emt 0:00:06]} 25. Rfe1 {[%emt 0:06:35]} Rd3 {[%emt 0:02:56]} 26. a4 {[%emt 0:01:26]} a6 {[%emt 0:00:30]} 27. h4 {[%emt 0:02:23]} Rcd8 {[%emt 0:01:12]} 28. axb5 {[%emt 0:11:31]} axb5 {[%emt 0:00:05]} 29. g4 {[%emt 0:01:38]} hxg4 {[%emt 0:00:52]} 30. h5 {[%emt 0:01:17]} Rf3 {[%emt 0:04:49]} 31. Qxg4 {[%emt 0:05:18]} Rf5 {[%emt 0:00:33]} 32. hxg6 {[%emt 0:07:08]} Qxe5 {[%emt 0:06:02]} 33. Qh4 {[%emt 0:05:22]} Rd3 {[%emt 0:06:02]} 34. Ra1 {[%emt 0:10:58]} Bd5 {[%emt 0:00:25]} 35. Ng3 {[%emt 0:05:27]} Rxg3+ {[%emt 0:01:10]} 36. fxg3 {[%emt 0:00:37]} Qb2 {[%emt 0:00:20]} 37. gxf7+ {[%emt 0:00:08]} Rxf7 {[%emt 0:00:30]} 38. Qd8+ {[%emt 0:03:03]} Kh7 {[%emt 0:00:13]} 39. Qh4+ {[%emt 0:00:04]} Kg8 {[%emt 0:00:13]} 40. Qd8+ {[%emt 0:00:04]} Kh7 {[%emt 0:00:05]} 41. Qh4+ {[%emt 0:00:05]} Kg8 {[%emt 0:00:04]} 1/2-1/2

[Event "Chinese Chess League 2019"]
[Site "Shen Yang"]
[Date "2019.11.23"]
[Round "18.30"]
[White "Ju, Wenjun"]
[Black "Xiao, Yiyi"]
[Result "1-0"]
[WhiteElo "2586"]
[BlackElo "2316"]
[Annotator "ChessBase"]
[PlyCount "85"]
[EventDate "2019.04.09"]
[EventType "team-tourn"]
[EventCountry "CHN"]
[SourceTitle "playchess.com"]
[Source "ChessBase"]
[SourceQuality "1"]
[TimeControl "5400+30"]

1. d4 {[%emt 0:00:00]} Nf6 {[%emt 0:00:00]} 2. c4 {[%emt 0:00:00]} e6 {[%emt 0:00:00]} 3. g3 {[%emt 0:00:20]} d5 {[%emt 0:00:00]} 4. Bg2 {[%emt 0:00:07]} dxc4 {[%emt 0:01:12]} 5. Nf3 {[%emt 0:00:26]} Bb4+ {[%emt 0:00:37]} 6. Bd2 {[%emt 0:00:26]} a5 {[%emt 0:00:31]} 7. a3 {[%emt 0:05:07]} Bxd2+ {[%emt 0:00:22]} 8. Nbxd2 {[%emt 0:00:04]} b5 {[%emt 0:02:02]} 9. b3 {[%emt 0:00:05]} cxb3 {[%emt 0:05:34]} 10. Qxb3 {[%emt 0:00:03]} c6 {[%emt 0:01:23]} 11. O-O {[%emt 0:00:05]} O-O {[%emt 0:01:49]} 12. Rfc1 {[%emt 0:00:38]} Ba6 {[%emt 0:07:50]} 13. e3 {[%emt 0:04:45]} Qb6 {[%emt 0:22:15]} 14. Nc4 {[%emt 0:08:59]} Qc7 {[%emt 0:02:52]} 15. Nce5 {[%emt 0:02:10]} Qd6 {[%emt 0:00:09]} 16. Nd2 {[%emt 0:11:04]} Rc8 {[%emt 0:06:35]} 17. Qc2 {[%emt 0:02:55]} Nbd7 {[%emt 0:04:45]} 18. f4 {[%emt 0:01:52]} Ra7 {[%emt 0:11:13]} 19. Nb3 {[%emt 0:04:13]} Rac7 {[%emt 0:03:36]} 20. Nd3 {[%emt 0:11:08]} a4 {[%emt 0:08:19]} 21. Nbc5 {[%emt 0:00:13]} Nxc5 {[%emt 0:00:09]} 22. Nxc5 {[%emt 0:02:58]} Ra7 {[%emt 0:02:01]} 23. Qd2 {[%emt 0:02:11]} Nd7 {[%emt 0:01:24]} 24. Ra2 {[%emt 0:00:59]} Nxc5 {[%emt 0:03:49]} 25. Rxc5 {[%emt 0:00:32]} Rac7 {[%emt 0:00:34]} 26. Rac2 {[%emt 0:00:13]} g6 {[%emt 0:03:43]} 27. g4 {[%emt 0:01:07]} Qd7 {[%emt 0:01:42]} 28. g5 {[%emt 0:03:19]} h6 {[%emt 0:02:41]} 29. gxh6 {[%emt 0:03:37]} Kh7 {[%emt 0:01:25]} 30. Bf3 {[%emt 0:03:48]} Kxh6 {[%emt 0:01:34]} 31. Qg2 {[%emt 0:02:04]} Kg7 {[%emt 0:00:49]} 32. h4 {[%emt 0:03:54]} Qe7 {[%emt 0:00:01]} 33. Qg3 {[%emt 0:00:05]} Rh8 {[%emt 0:02:44]} 34. h5 {[%emt 0:00:14]} Kf8 {[%emt 0:01:06]} 35. Rg2 {[%emt 0:05:43]} Qf6 {[%emt 0:01:00]} 36. f5 {[%emt 0:01:04]} Rc8 {[%emt 0:00:22]} 37. fxg6 {[%emt 0:00:44]} fxg6 {[%emt 0:00:10]} 38. Bxc6 {[%emt 0:03:18]} Ke7 {[%emt 0:01:08]} 39. Rf2 {[%emt 0:00:08]} Qg7 {[%emt 0:00:15]} 40. Bg2 {[%emt 0:06:21]} Kd7 {[%emt 0:01:38]} 41. hxg6 {[%emt 0:00:23]} Rhf8 {[%emt 0:00:16]} 42. Rxc8 {[%emt 0:02:41]} Kxc8 {[%emt 0:00:11]} 43. Rc2+ {[%emt 0:01:05]} 1-0

[Event "Chinese Chess League 2019"]
[Site "Shen Yang"]
[Date "2019.12.04"]
[Round "19.1"]
[White "Dai, Changren"]
[Black "Wen, Yang"]
[Result "1/2-1/2"]
[WhiteElo "2509"]
[BlackElo "2586"]
[Annotator "TA"]
[PlyCount "62"]
[EventDate "2019.04.09"]
[EventType "team-tourn"]
[EventCountry "CHN"]
[SourceTitle "playchess.com"]
[Source "ChessBase"]
[SourceQuality "1"]

{[%evp 19,62,10,31,28,34,28,40,0,0,0,16,0,0,0,0,0,0,0,0,-15,-9,-29,-11,-10,-1,-7,-7,-20,0,-31,0,0,0,0,22,24,22,16,17,7,24,22,24,21,16]} 1. e4 e5 2. Nf3 Nc6 3. Bb5 a6 4. Ba4 Nf6 5. O-O b5 6. Bb3 Bc5 7. c3 d6 8. d4 Bb6 9. a4 Bb7 10. Re1 h6 11. Be3 {C78: Ruy Lopez: Archangelsk and Möller Defences} exd4 12. cxd4 Na5 13. d5 {White is slightly better.} Bxe3 $1 14. Rxe3 O-O {[#]} 15. Nd4 $146 ({Predecessor:} 15. Ba2 c5 16. dxc6 Nxc6 17. Nc3 Ne5 18. Qd4 Nfg4 19. Nxe5 dxe5 20. Qxd8 Rfxd8 {½-½ (79) Huschenbeth,N (2586)-Lenic,L (2657) Austria 2019}) 15... Re8 16. Nd2 c5 17. dxc6 Nxc6 18. Nf5 Ne7 $1 19. Nxe7+ (19. Ng3 {with more complications.} Ng6 20. axb5 axb5 21. Rxa8 Bxa8 22. Nf5) 19... Rxe7 20. Qe2 Qb6 21. axb5 axb5 22. Rxa8+ Bxa8 23. Bc2 Qd4 24. Nf1 Re5 ({Of course not} 24... Bxe4 $6 25. Ng3 $16) ({Avoid the trap} 24... Qxb2 $2 {[#]} 25. e5 $1 $18 {[%mdl 512]}) 25. Qd2 Qxb2 26. Qxd6 Re6 27. Qd2 {[#] Hoping for e5!} Qe5 28. f3 Qc5 29. Qf2 Bc6 30. Bb3 Re8 31. Rd3 Qe5 {Accuracy: White = 54%, Black = 54%.} 1/2-1/2

[Event "Chinese Chess League 2019"]
[Site "Shen Yang"]
[Date "2019.12.04"]
[Round "19.2"]
[White "Wang, Yue"]
[Black "Zhao, Jun"]
[Result "1/2-1/2"]
[WhiteElo "2677"]
[BlackElo "2641"]
[Annotator "TA"]
[PlyCount "67"]
[EventDate "2019.04.09"]
[EventType "team-tourn"]
[EventCountry "CHN"]
[SourceTitle "playchess.com"]
[Source "ChessBase"]
[SourceQuality "1"]

{[%evp 10,67,21,27,24,22,22,24,43,20,36,34,25,25,15,18,42,44,37,14,13,0,38,0,2,0,10,8,10,9,4,2,14,26,29,29,29,30,27,27,30,0,0,0,29,34,36,27,29,27,27,27,31,25,27,22,28,33,37,36]} 1. d4 d5 2. c4 dxc4 3. Nf3 a6 4. e3 b5 5. a4 Bb7 6. b3 e6 {D22: Queen's Gambit Accepted: 3 Nf3 a6 4 e3} 7. bxc4 bxc4 8. Bxc4 Nf6 {White has an edge.} 9. O-O c5 10. Ba3 (10. Nbd2 Nbd7 11. Rb1 Qc7 12. Bb2 cxd4 13. Bxd4 Bc5 14. Qe2 {½-½ (14) Cheparinov,I (2695)-Ivanchuk,V (2727) Mali Losinj 2017}) 10... Nbd7 11. Nbd2 {[%cal Bb1d2,Bd2c4,Bc4e5][%mdl 32]} Be7 12. Rb1 Bc6 13. dxc5 $146 ({Predecessor:} 13. Qc2 O-O 14. Rfc1 {½-½ (75) Jianu,V (2565)-Heberla,B (2556) Warsaw 2013}) 13... Bxc5 14. Bb2 O-O 15. Bd3 a5 16. Nc4 Bb4 17. Nfe5 Nxe5 18. Nxe5 Bb7 19. Qe2 Qe7 20. Bb5 Ne4 {next ...Nd2 is good for Black.} 21. Rbc1 Rac8 22. Nc6 Bxc6 23. Bxc6 Nc5 24. Bb5 Ne4 25. Bc6 Nc5 26. Bb5 Ne4 27. Qd3 {[#] Strongly threatening Rxc8.} Nd6 28. Ba6 Rxc1 29. Rxc1 Rd8 30. Qc2 Qa7 31. Bd3 h6 32. Qe2 Qe7 33. h3 Nf5 34. Rd1 {Accuracy: White = 66%, Black = 80%.} 1/2-1/2

[Event "Chinese Chess League 2019"]
[Site "Shen Yang"]
[Date "2019.12.04"]
[Round "19.3"]
[White "Malakhov, Vladimir"]
[Black "Liu, Qingnan"]
[Result "1/2-1/2"]
[WhiteElo "2665"]
[BlackElo "2535"]
[Annotator "TA"]
[PlyCount "77"]
[EventDate "2019.04.09"]
[EventType "team-tourn"]
[EventCountry "CHN"]
[SourceTitle "playchess.com"]
[Source "ChessBase"]
[SourceQuality "1"]

{[%evp 25,77,30,55,38,54,45,59,29,35,30,22,32,34,35,24,0,0,8,0,0,0,0,0,1,14,2,1,0,7,3,6,6,7,6,12,0,0,0,0,0,0,0,0,0,0,0,0,0,0,0,0,0,0,0]} 1. Nf3 d5 2. e3 Nf6 3. c4 e6 4. Nc3 Be7 5. b3 b6 6. Bb2 dxc4 7. bxc4 c5 8. g3 Bb7 9. Bg2 O-O 10. O-O Nc6 11. Qe2 Nb4 12. d4 cxd4 13. exd4 Rc8 14. Rfd1 {A14: English Opening: 1...e6 with b3 by White} Ba6 15. Ne5 Qc7 $146 {[%cal Ra6c4]} (15... Nfd5 16. Nxd5 Nxd5 17. Rac1 Bd6 18. Qf3 Bxe5 19. cxd5 Bd6 20. dxe6 fxe6 21. Qe3 Qf6 {½-½ (45) Bailet,P (2515)-Stany,G (2385) Sautron 2015}) 16. Nb5 {White is slightly better.} Bxb5 $1 17. cxb5 Qc2 18. Rd2 {[#] Strongly threatening a3.} Qa4 19. a3 Nbd5 20. Nc6 (20. Qd3 {looks sharper.} Bd6 21. Bf3 Bxe5 22. dxe5 Nd7 23. Qe2) 20... Bd6 {The position is equal.} 21. Qd1 Qxd1+ 22. Rdxd1 a6 23. a4 Rc7 24. Rdc1 Rfc8 25. Bc3 a5 26. Bd2 h6 27. Kf1 Kf8 28. Ke2 Ne7 29. Nxe7 Kxe7 30. Bc6 Nd5 31. Kd3 (31. Rc4 {with more complications.} Bb4 32. Be3 Bd6 33. Rac1 Nb4 34. h4) 31... Bb4 32. Bxd5 Rxc1 33. Rxc1 Rxc1 34. Bxc1 exd5 $11 {KB-KB} 35. g4 Bd6 36. h4 f5 37. f3 Kf6 38. Ke2 g5 39. h5 {Accuracy: White = 65%, Black = 91%.} 1/2-1/2

[Event "Chinese Chess League 2019"]
[Site "Shen Yang"]
[Date "2019.12.04"]
[Round "19.4"]
[White "Ning, Kaiyu"]
[Black "Xiao, Yiyi"]
[Result "1-0"]
[WhiteElo "2330"]
[BlackElo "2316"]
[Annotator "TA"]
[PlyCount "81"]
[EventDate "2019.04.09"]
[EventType "team-tourn"]
[EventCountry "CHN"]
[SourceTitle "playchess.com"]
[Source "ChessBase"]
[SourceQuality "1"]

{[%evp 21,81,23,31,24,30,30,41,19,26,33,50,45,67,40,32,21,33,30,29,43,59,12,22,22,108,80,72,76,84,100,102,118,130,119,120,110,116,112,175,170,171,181,292,270,341,339,379,374,1356,1377,1329,1320,1151,1092,1680,1675,29988,29989,29989,29990,29993,29994]} 1. Nf3 d5 2. c4 e6 3. g3 Nf6 4. Bg2 c6 5. Qc2 Nbd7 6. d4 Be7 7. O-O O-O 8. Nbd2 b6 9. e4 Bb7 10. e5 Ne8 11. cxd5 cxd5 12. Rd1 {E09: Closed Catalan: Main Line: 7 Qc2 c6 8 Nbd2} Rc8 13. Qb1 {[#]} Nb8 $146 ({Predecessor:} 13... Qc7 14. Nf1 Qc2 15. Qxc2 Rxc2 16. h4 Nc7 17. Ne1 Rc6 18. Bg5 f6 19. exf6 gxf6 {1-0 (57) Van Wely,L (2675)-Agrest,E (2591) France 2003}) 14. Nf1 {White is slightly better.} Ba6 15. h4 Qc7 16. Bg5 Bxg5 17. Nxg5 {[%csl Gg5][%cal Rb1h7]} (17. hxg5 {looks sharper.} Nc6 18. Rc1 Qd7 19. N1d2 Nc7 20. b4) 17... Qc2 18. Ne3 Qxb1 19. Raxb1 h6 20. Nh3 Nc7 21. g4 Nc6 22. f4 Nb5 (22... Bb7 $11 {keeps the balance.}) 23. Bf1 $16 Nc7 (23... Ncxd4 24. a4 $16) 24. Bxa6 Nxa6 {[#]} 25. f5 $1 Ncb4 26. a3 Nc2 27. Kf2 f6 28. Nf4 Nxe3 29. Kxe3 fxe5 (29... exf5 $16 30. Ng6 (30. gxf5 fxe5 31. Nxd5 Rce8 $11) (30. Nxd5 Rce8 $11) 30... fxg4) 30. Nxe6 $18 exd4+ 31. Kxd4 Rfe8 (31... Rf7 {was called for.}) 32. Rbc1 (32. Kxd5 Nc7+ 33. Ke5 Nxe6 $16) 32... Nc5 {Hoping for ...Nb3+.} 33. Kxd5 (33. Nxc5 bxc5+ 34. Rxc5 Rb8 $16) 33... Kf7 34. b4 ({Not} 34. Nxc5 bxc5 35. g5 hxg5 $16) 34... Na4 $2 (34... Nd7 35. g5 hxg5) 35. Rxc8 Rxc8 {[%mdl 4096] Endgame KRN-KRN} 36. Ke5 Ke7 37. Nxg7 {Black must now prevent f6+.} Nb2 38. f6+ Kf8 39. Rd7 {White mates.} Nc4+ 40. Kf5 Ne3+ {[#]} 41. Kg6 $1 {Accuracy: White = 83%, Black = 29%.} 1-0

[Event "Chinese Chess League 2019"]
[Site "Shen Yang"]
[Date "2019.12.04"]
[Round "19.5"]
[White "Hu, Yu A."]
[Black "Munguntuul, Batkhuyag"]
[Result "0-1"]
[WhiteElo "2135"]
[BlackElo "2436"]
[Annotator "TA"]
[PlyCount "70"]
[EventDate "2019.04.09"]
[EventType "team-tourn"]
[EventCountry "CHN"]
[SourceTitle "playchess.com"]
[Source "ChessBase"]
[SourceQuality "1"]

{[%evp 20,70,-32,-27,-32,-74,-69,-77,-73,-68,-49,-52,-49,-56,-58,-49,-43,-79,-75,-113,-112,-114,-117,-140,-70,-102,-73,-199,-209,-212,-224,-203,-198,-216,-232,-253,-202,-251,-234,-236,-213,-240,-250,-449,-445,-436,-407,-414,-394,-402,-405,-592,-608]} 1. e4 c5 2. Nf3 e6 3. d4 cxd4 4. Nxd4 Nc6 5. Nc3 d6 6. Be3 Nf6 7. Be2 Be7 8. O-O O-O 9. f4 e5 10. Nf5 Bxf5 11. exf5 exf4 {B83: Sicilian Scheveningen: 6 Be2, lines without ...a6} 12. Rxf4 {[#]} d5 $1 13. Kh1 (13. Bf2 Qc7 14. g3 Rad8 15. Bd3 a6 16. Kh1 Rfe8 17. Qg1 d4 18. Ne2 Bd6 19. Rh4 {1-0 (90) Berg,E (2553)-Blomqvist,E (2487) Sunne 2015}) 13... Re8 {Black is better.} 14. Bg1 Bd6 15. Rf1 Be5 16. Bf3 {[%cal Rc3d5]} Bxc3 17. bxc3 Qa5 18. Qd2 $146 ({Predecessor:} 18. Rb1 Re7 19. c4 dxc4 20. Bxc6 bxc6 {½-½ (46) Wiedenkeller,M (2330)-Greenfeld,A (2300) Groningen 1981}) 18... Rad8 19. Rfb1 b6 $36 {[%mdl 2048] Black is on the roll.} 20. Rb3 Ne4 21. Qf4 f6 (21... Qa6 $17 22. h3 f6) 22. c4 $15 {Black must now prevent cxd5.} Qa4 23. Bxe4 (23. Bh5 $17 Re5 24. cxd5) 23... Rxe4 $19 {[%mdl 64] [#] Double Attack} ({Don't play} 23... dxe4 24. c5 $17) 24. Qf3 Ne5 25. Ra3 Qxc4 26. Qb3 Rd7 27. Rd1 Rf4 28. Qg3 Rxf5 29. Rc3 Qg4 30. Rc8+ Kf7 31. Qe1 $2 (31. Qxg4 {was the only chance.} Nxg4 32. h3 Nf2+ 33. Bxf2 Rxf2 34. Rd3) 31... Rg5 {[%csl Gg5][%cal Rg4g2]} 32. Qd2 Nc4 33. h3 Nxd2 {[%csl Gg5][%cal Rg4g2]} 34. hxg4 Ne4 {[%mdl 64] Zwischenzug} 35. c4 (35. Be3 {was necessary.}) 35... Rxg4 {Accuracy: White = 42%, Black = 70%.} 0-1

[Event "Chinese Chess League 2019"]
[Site "Shen Yang"]
[Date "2019.12.04"]
[Round "19.6"]
[White "Harikrishna, Pentala"]
[Black "Bai, Jinshi"]
[Result "1/2-1/2"]
[WhiteElo "2724"]
[BlackElo "2600"]
[Annotator "TA"]
[PlyCount "122"]
[EventDate "2019.04.09"]
[EventType "team-tourn"]
[EventCountry "CHN"]
[SourceTitle "playchess.com"]
[Source "ChessBase"]
[SourceQuality "1"]

{[%evp 9,122,14,13,13,19,0,0,-18,-1,-7,0,0,9,-16,-7,-24,-7,-18,-17,-39,16,14,12,7,0,0,4,4,12,13,11,6,6,8,4,8,16,0,9,15,26,0,31,-25,-25,-23,0,0,23,0,6,0,0,0,0,0,0,0,0,0,0,0,0,0,0,0,6,0,0,0,14,25,29,20,29,14,14,14,22,19,19,18,19,12,20,0,1,0,0,0,0,0,0,0,0,0,0,0,0,0,0,0,0,0,0,0,0,0,0,0,0,0,0,0,0]} 1. e4 e5 2. Nf3 Nf6 3. Nxe5 d6 4. Nd3 (4. Nf3 Nxe4 5. Nc3 Nxc3 6. dxc3 Be7 7. Be3 Nc6 8. Qd2 Bf5 9. O-O-O Qd7 10. Bc4 Bf6 11. Nd4 Nxd4 12. Bxd4 Bxd4 13. Qxd4 O-O 14. Rhe1 b6 15. Bd5 Rae8 16. Qc4 {½-½ (30) Vachier Lagrave,M (2774)-Yu,Y (2763) Khanty-Mansiysk 2019}) 4... Nxe4 5. Qe2 Qe7 6. Nf4 {[#] aiming for Nd5. C42: Petroff Defence: 3 Nxe5 and unusual White 3rd moves} Nc6 {Threatens to win with ...Nd4.} 7. c3 {Strongly threatening Nd5.} Nf6 8. d4 g5 9. Qxe7+ $146 ({Predecessor:} 9. Nd3 Rg8 10. Qxe7+ Nxe7 11. Nd2 Be6 {1-0 (52) Obada,E (1987)-Zhuang,Y (1696) Mumbai 2019}) 9... Bxe7 10. Ne2 Nd5 11. Ng3 h5 12. Bd3 h4 13. Ne2 f5 14. Nd2 f4 (14... Be6 $15) 15. h3 $11 O-O 16. Nf3 Bf5 17. Bxf5 Rxf5 18. O-O Re8 19. Bd2 Nf6 20. Rae1 d5 21. Nc1 Ne4 22. Nd3 Bd6 23. Bc1 Re7 24. Re2 Kg7 25. Rfe1 b5 26. Nd2 (26. b3 $14) 26... Nxd2 27. Rxe7+ Bxe7 (27... Nxe7 {is more complex.} 28. Bxd2 a5 29. Kf1 Rf8 30. Ne5 a4) 28. Bxd2 Kf7 29. Ra1 Ke6 30. a4 bxa4 31. Rxa4 a5 32. Kf1 Rf8 33. Ke2 Rb8 34. Kd1 Bd6 35. Kc2 Kf5 36. Ra1 Re8 37. b3 Rb8 38. Rf1 Ra8 39. g4+ Ke6 40. Ra1 Rb8 41. Ne1 Be7 42. Nf3 Bf6 {The position is equal.} 43. Bc1 Kd7 44. Ba3 Re8 {[#] And now ...Re2+ would win.} 45. Kd3 Rb8 46. Nd2 Nd8 47. Kc2 Nb7 48. Nf3 Rc8 49. Re1 Re8 50. Rxe8 Kxe8 {[%mdl 4096] Endgame KBN-KBN} 51. Kd3 Kd7 52. c4 c6 53. Bf8 {cxd5 is the strong threat.} Nd8 54. Ba3 Ne6 55. Bb2 Kc7 56. Bc3 Kb6 $1 57. Kc2 Ka6 58. Kb2 Be7 59. Ne5 Nd8 60. Kc2 Bd6 61. Nf3 Ne6 {Accuracy: White = 65%, Black = 69%.} 1/2-1/2

[Event "Chinese Chess League 2019"]
[Site "Shen Yang"]
[Date "2019.12.04"]
[Round "19.7"]
[White "Ni, Hua"]
[Black "Ma, Qun"]
[Result "1/2-1/2"]
[WhiteElo "2672"]
[BlackElo "2629"]
[Annotator "TA"]
[PlyCount "46"]
[EventDate "2019.04.09"]
[EventType "team-tourn"]
[EventCountry "CHN"]
[SourceTitle "playchess.com"]
[Source "ChessBase"]
[SourceQuality "1"]

{[%evp 23,46,23,30,29,30,18,19,16,29,0,16,0,29,9,19,0,24,0,25,0,31,0,29,0,30]} 1. d4 d5 2. c4 c6 3. Nc3 Nf6 4. e3 g6 5. Nf3 Bg7 6. Bd3 O-O 7. O-O Bg4 8. h3 Bxf3 9. Qxf3 e6 10. Rd1 Nbd7 11. b3 Re8 12. Bb2 a6 13. Rac1 {D94: Grünfeld: 4 Nf3 Bg7 5 e3} Qe7 14. Qe2 (14. Bf1 Rac8 15. Qe2 Red8 16. Rc2 h5 17. Qd2 Nf8 18. Qc1 N8h7 19. a4 Bf8 20. Bd3 Qc7 {½-½ (46) Martinovic,S (2539)-Malakhov,V (2662) Mali Losinj 2019}) 14... Rac8 15. Bb1 Qb4 16. Bd3 Qa5 17. Bb1 Bf8 $146 ({Predecessor:} 17... e5 18. dxe5 Nxe5 19. cxd5 cxd5 20. Rd2 Rc6 21. a3 Rd8 22. Rcc2 {½-½ (37) Peycheva,G (2157)-Tomin,K (1877) Senta 2018}) 18. a4 Bg7 19. Qd2 {next Nxd5 is good for White.} Qd8 20. Qe2 Qa5 21. Qd2 Qd8 22. Qe2 Qa5 23. Qd2 Qd8 {Accuracy: White = 11%, Black = 52%.} 1/2-1/2

[Event "Chinese Chess League 2019"]
[Site "Shen Yang"]
[Date "2019.12.04"]
[Round "19.8"]
[White "Xu, Yi"]
[Black "Jakovenko, Dmitry"]
[Result "1/2-1/2"]
[WhiteElo "2541"]
[BlackElo "2691"]
[Annotator "TA"]
[PlyCount "61"]
[EventDate "2019.04.09"]
[EventType "team-tourn"]
[EventCountry "CHN"]
[SourceTitle "playchess.com"]
[Source "ChessBase"]
[SourceQuality "1"]

{[%evp 12,61,27,0,0,0,0,0,0,0,0,0,0,0,6,8,12,0,0,0,0,-20,-19,-26,0,0,0,0,0,0,0,-1,-1,-6,-7,-6,-5,-4,-5,-4,-4,-15,-3,-4,-6,-9,0,0,0,0,0,0]} 1. e4 c6 2. d4 d5 3. exd5 cxd5 4. c4 Nf6 5. Nc3 e6 6. Nf3 Bb4 7. Bg5 h6 {B14: Caro-Kann: Panov-Botvinnik Attack with 5...e6 and 5...g6} 8. Bxf6 Qxf6 9. cxd5 (9. Qb3 Qe7 10. c5 Ba5 11. Bb5+ Bd7 12. Ne5 Nc6 13. Bxc6 Bxc6 14. O-O Bc7 15. f4 {0-1 (53) Ivanchuk,V (2740)-Dreev,A (2650) Linares 1997}) 9... exd5 10. Bb5+ Nc6 11. O-O Bxc3 12. bxc3 O-O 13. Qb3 Qd6 14. Rfe1 Bf5 15. Bxc6 $146 ({Predecessor:} 15. Rad1 a6 16. Bd3 Bxd3 17. Rxd3 Na5 18. Qb1 {½-½ (18) Mecking,P-Kuckel,A IECG email 1997}) 15... bxc6 16. Qb4 Qxb4 17. cxb4 a5 18. Ne5 {The position is equal.} Ra6 19. Rac1 axb4 20. Nxc6 {[#] Threatens to win with Ne7+.} Be6 21. Nxb4 Ra4 22. Nc6 Rxa2 23. Rc5 Kh7 24. Nb4 Rd2 25. Nxd5 Rxd4 26. Ne3 Rc8 27. Rxc8 Bxc8 28. Rd1 Rxd1+ 29. Nxd1 g5 30. g3 Kg6 31. f3 {Accuracy: White = 67%, Black = 74%.} 1/2-1/2